000 00468nam a2200181 4500
001 9508
005 20230410124134.0
008 060907n2002 dr spa
020 _a3791327453
035 _9funglode9587
041 _aES
050 1 4 _aNA 6813 P742c 2002
100 _aPoderos, Jean
245 1 _aCentre Georges Pompidou ParĂ­s /
_ctexto de Jean Poderos
260 _aMunich, Berlin :
_bPrestel,
_c2002
300 _a160 p.
942 _2lcc
_cbk
999 _c71758
_d71758